Modern spectroscopy
Salvato in:
| Autore principale: | |
|---|---|
| Natura: | Libro |
| Lingua: | Undetermined |
| Pubblicazione: |
England
John Wiley & Sons
2004
|
| Soggetti: | |
| Tags: |
Aggiungi Tag
Nessun Tag, puoi essere il primo ad aggiungerne! !
|
| Thư viện lưu trữ: | Trung tâm Học liệu Trường Đại học Cần Thơ |
|---|
| LEADER | 00494nam a2200193Ia 4500 | ||
|---|---|---|---|
| 001 | CTU_92689 | ||
| 008 | 210402s9999 xx 000 0 und d | ||
| 020 | |c 49.17 | ||
| 082 | |a 535.84 | ||
| 082 | |b H734 | ||
| 100 | |a Hollas, J. Michael | ||
| 245 | 0 | |a Modern spectroscopy | |
| 245 | 0 | |c J. Michael Hollas | |
| 260 | |a England | ||
| 260 | |b John Wiley & Sons | ||
| 260 | |c 2004 | ||
| 650 | |a Spectrum analysis | ||
| 904 | |i Tuyến | ||
| 980 | |a Trung tâm Học liệu Trường Đại học Cần Thơ | ||